Tapez les chiffres de 1 à 9 en 15 secondes le plus de fois - Statistiques

Statistiques générales
  • Ce quiz a été pris 936 fois
  • Le résultat moyen est 44 sur 144
Statistiques - réponses
Réponses % Correct
1
100%
2
98%
3
96%
4
95%
5
94%
6
94%
7
94%
8
93%
9
92%
1
89%
2
80%
3
80%
4
78%
5
77%
6
77%
7
76%
8
76%
9
76%
1
73%
2
69%
3
68%
4
68%
5
66%
6
65%
7
64%
1
62%
8
62%
9
62%
2
61%
3
60%
4
58%
5
58%
6
58%
7
57%
8
56%
9
56%
1
54%
2
53%
3
53%
4
52%
5
52%
6
51%
7
50%
8
50%
9
49%
1
45%
2
44%
3
42%
4
41%
5
40%
6
40%
7
38%
8
37%
9
35%
1
32%
2
32%
3
30%
4
30%
5
28%
6
28%
7
28%
8
27%
9
27%
1
25%
2
24%
3
23%
4
23%
5
22%
6
20%
7
20%
8
20%
9
18%
1
17%
2
16%
3
16%
4
15%
5
15%
6
15%
7
15%
1
14%
8
14%
9
14%
2
13%
3
13%
4
12%
5
12%
6
12%
7
11%
8
11%
9
9%
1
8%
2
8%
3
8%
4
8%
1
7%
2
7%
3
7%
4
7%
5
7%
5
7%
6
7%
7
7%
8
7%
9
7%
6
6%
7
6%
8
6%
9
5%
1
4%
2
4%
3
4%
4
4%
5
4%
6
4%
7
4%
8
4%
9
3%
1
2%
1
2%
1
2%
2
2%
2
2%
2
2%
3
2%
3
2%
3
2%
4
2%
4
2%
4
2%
5
2%
5
2%
5
2%
6
2%
6
2%
6
2%
7
2%
7
2%
7
2%
8
2%
8
2%
8
2%
9
2%
9
2%
9
2%
Aucun quiz correspondant
Distribution des résultats
% des personnes avec chaque résultat
Percentile par nombre de réponses
Votre historique - résultats
Vous n’avez pas pris ce quiz